Quizzes
Events
Quiz Creation
Community
Videos
Private Events
Remove Ads
Sign In
Join for FREE
Feedback
Dark Mode
Quiz Categories
Sports
Geography
Music
Movies
Television
Just For Fun
Miscellaneous
History
Literature
Language
Science
Gaming
Entertainment
Religion
Holiday
For Kids
Quiz Lab
Recent
Popular Today
Quiz Kudos Today
Editor Picks
Curator Picks
Quizzes by...
Day
Popularity
Type
Ratings
Length
Year
Community
Subscriptions
Recent Discussions
Orange Saloon
Badges
Playlists
Quests
Create
Leaderboards
Showdown
Live 5
Trivia Bingo
Activity
Puzzle Library
Sporcle Events
Private Events
Virtual Trivia
Globe League
Become a Host
Pub Owners
SporcleCon
Opinionation
Our Games
Videos
Blog
Mobile Apps
Partnerships
Remove Ads and Go Orange
Feedback
Literature
Harry Potter
A Song of Ice and Fire
The Hunger Games
Literary Character
Shakespeare
Book
Author
Novel
Poem
Young Adult
Children's Books
Play
Lord of the Rings
Literature
Harry Potter
A Song of Ice and Fire
The Hunger Games
Literary Character
Shakespeare
Book
Author
Novel
Poem
Young Adult
Children's Books
Play
Lord of the Rings
Random Quiz
Search Sporcle
×
Curator Pick
Curator Pick
Literature
Young Adult
Type in answers that appear in a list
Type in answers that appear in a list
Classic
Best Score? Go Orange.
Alice: Wonderland or Through The Looking-Glass? Stats
Can you identify whether Alice meets/hears of these characters in Wonderland (W) or through the looking-glass (L)?
By
ceepee
2m
20 Questions
468 Plays
468 Plays
468 Plays
Comments
Comments
Give Quiz Kudos
Give Quiz Kudos
-
- Ratings
hide this ad
Forced Order
Answers have to be entered in order
Answers have to be entered in order
Wrong Answers
Some wrong answers will appear in red
Some wrong answers will appear in red
Replay
Link that replays current quiz
Next Quiz
Link to next quiz in quiz playlist
You Got
0%
They Got
Avg Score
68%
Avg Friend Score
Upgrade to see
Score Distribution
Jump to the score distribution portion of the page
Score
0/20
Timer
02:00
0
Plays Today
Character
Book
% Correct
The White Rabbit
???
93.2%
The Cheshire Cat
???
84.4%
The Caterpillar
???
80.1%
The Hatter
???
79.7%
The March Hare
???
78.2%
The White Queen
???
71.8%
Humpty-
Dumpty
???
71.8%
The Queen of Hearts
???
71.6%
Tweedledee
???
70.5%
Bill the Lizard
???
70.1%
Character
Book
% Correct
The Sheep
???
69%
Tiger-
lily
???
67.1%
The Mock Turtle
???
66.5%
The Jabberwock
???
65.2%
Tweedledum
???
63.2%
The Lory
???
57.5%
The Red King
???
57.3%
The Gryphon
???
55.6%
The Walrus
???
53.6%
The Carpenter
???
52.8%
Quiz Playlist
Details
Report
Send in Message
Add To Playlist
Classic:
Type in answers that appear in a list
Forced Order:
Answers have to be entered in order
Wrong Answers:
Some wrong answers will appear in red
Last Updated: Feb 16, 2017
Curator Pick in
Children's Books
Quiz Scoreboard
CHALLENGE
Sign Up to Join the Scoreboard
Show All
Scores
Hide
Comments
May contain spoilers
Recently Published
An Introduction to Baseball
by treessimontrees
Sports
5m
Movies - When Are They Set?
by FPL_Elf
Movies
5m
Popular People in 1961
by mucciniale
History
6m
More to Explore
Quiz From the Vault
Featured Blog Post
Where Did the Easter Bunny Come From?
hide this ad
You Might Also Like...
Tags
Children's Books Quiz
Young Adult Quiz
Alice In Wonderland
Lewis Carroll
Today's Top Quizzes in Literature
Browse Literature
hide this ad
Today's Top Quizzes in Young Adult
Browse Young Adult
Top Contributed Quizzes in Literature
1
Sneaky Slytherin Logic Puzzle
2
One Thing in Common: Literature
3
Get The Picture: Black or White Literature
4
One Thing in Common: Literature 3
5
Harry Potter Neighbourly Logic Puzzle #3
6
One Thing in Common: Literature II
7
One Thing in Common: Books
8
Harry Potter Neighbourly Logic Puzzle #5
9
Weasley Family Reunion: Logic Puzzle
10
7 to 1: Literature by Subcategory
Explore More
Trending Topics
Harry Potter
NBA
Kpop
Marvel
Crossword
Anime
Disney
WWE
NFL
Soccer
The Office
Song
Pokémon
Puzzle
Country
hide this ad
More By:
ceepee
Quiz
Plays
Rating
Category
Featured
Created
Movies by Nemeses
24,795
4.37
Movies
Mar 24, 2015
Once Upon A Time Criteria
7,450
3.86
Television
Apr 27, 2015
Once Upon A Time chronology - Hook
3,954
4.00
Television
Apr 27, 2015
The Beatles Criteria
3,819
4.43
Music
Apr 10, 2015
Once Upon A Time chronology - Emma
3,204
4.00
Television
Apr 27, 2015
Go to Creator's Profile
Score Distribution
Quiz Creator Spotlight
ceepee
Follow
Send a Message
Quizzes Created
-
Created Quiz Play Count
-
More By This Creator
Popular Quizzes Today
1
Find the Countries of Europe - No Outlines Minefield
2
Find the US States - No Outlines Minefield
3
The Countries of the World
4
Popular People in 1961
5
US States
6
Find the US States
7
1-10 Letter E Words III
8
Risky Map Clicking: Biggest States A-Z
More Literature Quizzes
Ender's Game Armies
Published
Trending Quizzes
Risky Map Clicking: Least Populous States A-Z
1-10 Letter F Words
1-10 Letter G Words
Not Quite an Element Typing Challenge
One Thing in Common: United Kingdom
Recently Updated
Leaping Animals
pecheneg
Reality TV Shows (A-Z)
bhenderson79
Rickey Henderson's Hall of Fame Teammates
pecheneg
Champions League XIs: Arsenal
pecheneg
Quick Pick: Celebrities in WWE's Hall of Fame
aduchscher
A-Z Keypad Blitz II
pecheneg
Multiple Oscar Actors
pecheneg
Mystery Phrase Blitz: Oscar 'Best Actors'
pecheneg
F. Scott Fitzgerald Novels
LTH
Pick 3 Villains
ddd62291
Trending Topics
Disney
NBA
Crossword
Marvel
Anime
Kpop
Harry Potter
NFL
Soccer
The Office
Country
Pokémon
Song
Puzzle
WWE
Your Account Isn't Verified!
In order to create a playlist on Sporcle, you need to verify the email address you used during registration. Go to your
Sporcle Settings
to finish the process.
Report this User
Report this user for behavior that violates our
Community Guidelines
.
Details:
Send Report
Go to the Sporcle.com Mobile Site →
Comments